[Event "BRA-ch U20"]
[Site "Paranavai"]
[Date "2013.06.14"]
[Round "3"]
[White "Dos Reis, Nicolas Rodrigues"]
[Black "Oliveira, Fernando Henrique"]
[Result "0-1"]
[WhiteElo "1880"]
[BlackElo "2128"]
[PlyCount "89"]
[EventDate "2013.06.13"]
[EventType "swiss"]
[EventRounds "7"]
[EventCountry "BRA"]
[SourceTitle "CBM 155 Extra"]
[Source "ChessBase"]
[SourceDate "2013.08.26"]
[SourceVersion "1"]
[SourceVersionDate "2013.08.26"]
[SourceQuality "1"]

1. d4 d5 2. Nf3 Nf6 3. c4 c6 4. Nc3 dxc4 5. a4 Bf5 6. e3 e6 7. Bxc4 Bb4 8. Bd2 0-0 9. 0-0 Nbd7 10. Ne2 Bd6 11. Ng3 Bg6 12. Bc3 Qe7 13. Bd3 Ng4 14. e4 e5 15. Qe2 Rfe8 16. Nxe5 Ndxe5 17. dxe5 Nxe5 18. Bxe5 Bxe5 19. f4 Bd4+ 20. Kh1 f6 21. Rad1 Rad8 22. Bc4+ Kh8 23. Bd3 Qb4 24. b3 Bb6 25. Bc4 Qe7 26. Bd3 Rd4 27. Bc2 Red8 28. Rxd4 Rxd4 29. e5 fxe5 30. Bxg6 hxg6 31. a5 Bc5 32. b4 Rxb4 33. Qg4 Rxf4 34. Rxf4 exf4 35. Qc8+ Kh7 36. Qh3+ Kg8 37. Qc8+ Kf7 38. Nf1 Kf6 39. Qg4 g5 40. h4 gxh4 41. Qxf4+ Kg6 42. Qg4+ Qg5 43. Qe4+ Qf5 44. Qe2 Kh7 45. Nd2 0-1